000 nam a22 7a 4500
999 _c9456
_d9456
008 180131b ||||| |||| 00| 0 eng d
100 _aArora B B
_95668
245 _aBiology -X NCERT Syllabus
260 _aNew Delhi
_bHoly Faith Publication
_c2008